=LDR 00000nam 2200000 4500 =001 INLIS000000000057223 =005 20201210082544 =035 ##$$a 0010-1220000124 =007 ta =008 201210################g##########0#ind## =020 ##$$a 979-676-700-7 =082 ##$$a 323.607 =084 ##$$a 323.607 PEN p =245 ##$$a PPKN pendidikan pancasila dan kewarganrgaraan 3 untuk kelas 3 smu : $b Pendekatan kurikulum berbasis kompetensi semester pertama dan kedua /$c Suardi abubakar...[at.al] =250 ##$$a ed. 4 =260 ##$$a Bogor :$b Yudhidtira,$c 2002 =300 ##$$a xvi,143 hlm : $b ilus ; $c 19 x 27 cm =700 #$$a Suardi abubakar =504 ##$$a Bibliografi : hlm, 143 =990 ##$$a 36743674 =990 ##$$a 0001/BPAP-NTB/20142014 =990 ##$$a 1200300609 =990 ##$$a 1038642